000 00774nam a2200217 a 4500
003 0
005 20250426100807.0
008 970114s19uu xx 00 eng d
050 _aPGS HV 697
_b.F634 2003
100 _aFlores, Richard Daniels Y.
245 _aCommunity problems affecting the residents of Ina Executives Homes /
_cRichard Daniels Y. Flores.
260 _aLas PiƱas City, Philippines :
_bSouthville International School and Colleges,
_c2003.
300 _a28 pages :
_bcolored illustrations ;
_c28 cm.
504 _aIncludes bibliographic references.
650 _aCommunity development.
650 _aNeighborhood problems.
650 _aSanitation.
650 _aHomeowners' associations.
650 _aDelinquent assessments.
942 _2lcc
_cPASS
999 _c96860
_d96860